[Event "HUN-chT2 Toth 0405"]
[Site "Hungary"]
[Date "2004.12.05"]
[Round "4"]
[White "Deak, Zoltan"]
[Black "Gangler, Zoltan"]
[Result "1/2-1/2"]
[WhiteElo "2179"]
[BlackElo "2202"]
[PlyCount "110"]
[EventDate "2004.09.26"]
[EventType "team"]
[EventRounds "11"]
[EventCountry "HUN"]
[SourceTitle "EXT 2009"]
[Source "ChessBase"]
[SourceDate "2008.11.26"]
[SourceVersion "1"]
[SourceVersionDate "2008.11.26"]
[SourceQuality "1"]
[WhiteTeam "Bekes"]
[BlackTeam "Kalocsa"]
[WhiteTeamCountry "HUN"]
[BlackTeamCountry "HUN"]

1. d4 g6 2. Nf3 Bg7 3. c3 d6 4. g3 b6 5. Bg2 Bb7 6. a4 a6 7. 0-0 e6 8. Na3 Nf6 9. Re1 h6 10. Bd2 Ne4 11. Qc1 Nd7 12. b4 g5 13. h3 f5 14. Nh2 Qc8 15. Nf1 Nxd2 16. Qxd2 Bxg2 17. Kxg2 0-0 18. e3 f4 19. exf4 gxf4 20. Rad1 fxg3 21. Nxg3 Qb7+ 22. Kg1 Rf6 23. Re3 Raf8 24. Rf1 Rg6 25. Kh2 Qd5 26. Qe2 e5 27. Nc2 exd4 28. cxd4 c5 29. bxc5 bxc5 30. Re8 cxd4 31. Rxf8+ Nxf8 32. Qxa6 h5 33. Qd3 Qg5 34. f4 Qd5 35. Ne3 Qa2+ 36. Ng2 h4 37. Ne2 Re6 38. Rf2 Qxa4 39. Nxh4 Re3 40. Qd2 Qb3 41. Ng1 Qe6 42. Ng2 Kh8 43. Qd1 Rc3 44. Qh5+ Kg8 45. Re2 Qf6 46. Qd5+ Kh7 47. Nf3 Rc5 48. Ng5+ Kh8 49. Nf7+ Kg8 50. Qxd6 Qxd6 51. Nxd6 Rd5 52. Nc4 d3 53. Rd2 Bc3 54. Rd1 Ne6 55. Kg3 Rd4 1/2-1/2

[Event "HUN-chT2 Asztalos 0304"]
[Site "Hungary"]
[Date "2004.02.22"]
[Round "8"]
[White "Gangler, Zoltan"]
[Black "Rajnai, Istvan"]
[Result "1/2-1/2"]
[WhiteElo "2210"]
[BlackElo "2069"]
[PlyCount "77"]
[EventDate "2003.08.29"]
[EventType "team"]
[EventRounds "11"]
[EventCountry "HUN"]
[SourceTitle "EXT 2009"]
[Source "ChessBase"]
[SourceDate "2008.11.26"]
[SourceVersion "1"]
[SourceVersionDate "2008.11.26"]
[SourceQuality "1"]
[WhiteTeam "Kalocsa"]
[BlackTeam "Bajai"]
[WhiteTeamCountry "HUN"]
[BlackTeamCountry "HUN"]

1. e4 e6 2. d4 d5 3. e5 c5 4. c3 Nc6 5. Nf3 Qb6 6. dxc5 Bxc5 7. Qc2 Qc7 8. Bf4 Nge7 9. Bd3 Ng6 10. Bxg6 hxg6 11. g3 Bd7 12. Qe2 a6 13. a4 Ne7 14. Nbd2 b5 15. b3 Bb6 16. c4 dxc4 17. bxc4 bxa4 18. 0-0 0-0 19. Ng5 Nf5 20. Qg4 Qc6 21. Qh3 Nh6 22. Nge4 f5 23. Nf6+ Kf7 24. Nxd7 Qxd7 25. Qg2 Rac8 26. Rfb1 Rb8 27. h3 Bd4 28. Rxb8 Rxb8 29. Rd1 Bc5 30. Qf1 Rd8 31. Ra1 a5 32. Nf3 a3 33. Ng5+ Kg8 34. Qe2 Nf7 35. Qc2 Be7 36. Be3 Qd3 37. Qa4 Bb4 38. Rc1 Qd7 39. Qb3 1/2-1/2

[Event "HUN-chT2 Asztalos 0304"]
[Site "Hungary"]
[Date "2003.11.16"]
[Round "3"]
[White "Gangler, Zoltan"]
[Black "Kadar, Gabor"]
[Result "0-1"]
[WhiteElo "2210"]
[BlackElo "2203"]
[PlyCount "86"]
[EventDate "2003.08.29"]
[EventType "team"]
[EventRounds "11"]
[EventCountry "HUN"]
[SourceTitle "EXT 2009"]
[Source "ChessBase"]
[SourceDate "2008.11.26"]
[SourceVersion "1"]
[SourceVersionDate "2008.11.26"]
[SourceQuality "1"]
[WhiteTeam "Kalocsa"]
[BlackTeam "Pannonpower"]
[WhiteTeamCountry "HUN"]
[BlackTeamCountry "HUN"]

1. e4 c5 2. Nc3 Nc6 3. g3 g6 4. Bg2 Bg7 5. d3 e6 6. Be3 Nd4 7. Nce2 Ne7 8. c3 Nxe2 9. Nxe2 d6 10. Qd2 h5 11. h4 b6 12. e5 d5 13. d4 Nf5 14. Bf4 Ba6 15. Bf3 Rc8 16. 0-0 0-0 17. Rfc1 Qd7 18. Rc2 Bxe2 19. Bxe2 cxd4 20. c4 dxc4 21. Bxc4 b5 22. Bd3 Rxc2 23. Bxc2 Qd5 24. Qe2 Rc8 25. Be4 Qd7 26. Rd1 Bf8 27. a3 a5 28. g4 Ng7 29. Bh6 hxg4 30. Qxg4 Nh5 31. Be3 Bc5 32. Bg5 Be7 33. Bh6 Bf8 34. Be3 Bc5 35. b4 Qc7 36. Bh6 Bf8 37. Bxf8 Kxf8 38. f4 axb4 39. axb4 Qc3 40. Bd3 Kg7 41. Kh1 Qb3 42. f5 exf5 43. Qxd4 Qxd1+ 0-1

[Event "HUN-chT2 Asztalos 0203"]
[Site "Hungary"]
[Date "2003.02.02"]
[Round "6"]
[White "Adzic, Slobodan"]
[Black "Gangler, Zoltan"]
[Result "1-0"]
[WhiteElo "2202"]
[BlackElo "2205"]
[PlyCount "123"]
[EventDate "2002.09.22"]
[EventType "team"]
[EventRounds "11"]
[EventCountry "HUN"]
[SourceTitle "EXT 2009"]
[Source "ChessBase"]
[SourceDate "2008.11.26"]
[SourceVersion "1"]
[SourceVersionDate "2008.11.26"]
[SourceQuality "1"]

1. e4 g6 2. d4 Bg7 3. Nc3 c6 4. g3 d5 5. exd5 cxd5 6. Bg2 e6 7. Nf3 Nc6 8. 0-0 Nge7 9. Re1 0-0 10. Bg5 h6 11. Bxe7 Nxe7 12. Ne5 Rb8 13. Qd2 b5 14. a3 a6 15. Na2 Qb6 16. Nb4 a5 17. Nbd3 Nf5 18. c3 Nd6 19. Qf4 Rb7 20. Nc5 Rc7 21. Ng4 Kh7 22. Nf6+ Kh8 23. h4 Ra7 24. g4 Qd8 25. g5 Bxf6 26. gxf6 Nf5 27. Qb8 Rc7 28. Qxb5 Qxf6 29. Qxa5 Re7 30. Qb6 Nxh4 31. Re3 Qf4 32. Nd3 Qg5 33. Rg3 Qd2 34. Ne5 Kg7 35. Qd6 Rb7 36. Nd3 Nf5 37. Qe5+ f6 38. Qe1 Qxe1+ 39. Rxe1 Nxg3 40. fxg3 Rb3 41. Rb1 Rb6 42. a4 Ba6 43. Nc5 Ra8 44. a5 Rd6 45. b4 Bb5 46. Bf1 Bxf1 47. Kxf1 Kf7 48. b5 Ke7 49. b6 Rxa5 50. b7 Rd8 51. b8Q Rxb8 52. Rxb8 e5 53. Rb7+ Ke8 54. Ke2 f5 55. Ne6 e4 56. Ke3 g5 57. Ng7+ Kf8 58. Nxf5 h5 59. Rg7 h4 60. Rxg5 hxg3 61. Nxg3 Kf7 62. Nxe4 1-0

[Event "HUN-chT2 Asztalos 0203"]
[Site "Hungary"]
[Date "2003.01.19"]
[Round "5"]
[White "Kovari, Laszlo"]
[Black "Gangler, Zoltan"]
[Result "0-1"]
[WhiteElo "2076"]
[BlackElo "2205"]
[PlyCount "150"]
[EventDate "2002.09.22"]
[EventType "team"]
[EventRounds "11"]
[EventCountry "HUN"]
[SourceTitle "EXT 2009"]
[Source "ChessBase"]
[SourceDate "2008.11.26"]
[SourceVersion "1"]
[SourceVersionDate "2008.11.26"]
[SourceQuality "1"]

1. e4 g6 2. d4 Bg7 3. c3 e6 4. Bd3 d6 5. f4 Ne7 6. Nf3 b6 7. 0-0 0-0 8. Nbd2 Ba6 9. Qe2 Bxd3 10. Qxd3 Nd7 11. b3 Qc8 12. Bb2 Qb7 13. Qc2 d5 14. c4 c6 15. Rfe1 Rac8 16. Rac1 Rfe8 17. Nf1 Nf6 18. Ng3 c5 19. dxc5 bxc5 20. cxd5 exd5 21. e5 Ng4 22. e6 f6 23. h3 Nh6 24. Nh4 Qb4 25. Rf1 c4 26. Bc3 Qb6+ 27. Kh1 cxb3 28. Qxb3 Qxe6 29. Rce1 Qd7 30. Qb2 Nef5 31. Ngxf5 Nxf5 32. Nxf5 Qxf5 33. Rxe8+ Rxe8 34. Qb5 Rc8 35. Bb4 h5 36. Rd1 Rd8 37. Be7 Rd7 38. Bb4 Qe6 39. a3 f5 40. Qb8+ Kh7 41. Qb5 d4 42. Re1 Qf7 43. Qc6 d3 44. Rd1 Bh6 45. Qb5 Qd5 46. Qb8 Bg7 47. Qc8 a5 48. Bxa5 Re7 49. Qd8 Rd7 50. Qc8 Qd4 51. Bc3 Qa4 52. Rd2 Bxc3 53. Qxc3 Qxf4 54. a4 Qg3 55. Rd1 f4 56. Qe1 Qe3 57. Qd2 Qe4 58. Rf1 g5 59. h4 Qe2 60. Rf2 Qxd2 61. Rxd2 g4 62. Kg1 g3 63. Kf1 Kg6 64. a5 Kf5 65. a6 Ke4 66. Ke1 Ke3 67. Ra2 Ra7 68. Kd1 f3 69. Ke1 f2+ 70. Kf1 Kd4 71. Ra4+ Kc3 72. Rc4+ Kd2 73. Rc2+ Ke3 74. Rd2 Ke4 75. Rxd3 Rxa6 0-1